000 01543cam a22001814a 4500
005 20250605164022.0
008 250528s ||||||||||||||||||||||||d
035 _a16386
040 _aGR-AtMCL
_bgre
_dGR-AtMCL
_eAACR2
245 1 _aΕκθέσεις 4 / Χωροταξική Κατανομή και Κλαδική Σύνθεση των Επενδύσεων του Ν. 1262/ 1982
260 _bΚέντρο Προγραμματισμού Και Οικονομικών Ερευνών,
_c1991
300 _a264
520 _aΕισαγωγή, Αναφορά στο Πλαίσιο Μελέτης, Το Θεσμικό Πλαίσιο της Πολιτικής Κινήτρων στην Ελλάδα, Αναλυτική Παρουσίαση του Ν. 1262/82, Προσδιορισμός των Βασικών του Στόχων, Η Χωροταξική Κατανομή των Επενδύσεων του Ν. 1262/82, Η Κλαδική Σύνθεση των Επενδύσεων του Ν. 1262/82, Η Συμβολή και ο Βαθμός Αποτελεσματικότητας του Ν. 1262/82, Οι Απόψεις των Υπηρεσιών Προγραμματισμού των Νομαρχιών της Χώρας για τη Συμβολή και το Βαθμό Αποτελεσματικότητας του Ν. 1262/82, Συμπερασματικές Παρατηρήσεις, Παράρτημα, Βιβλιογραφία.
700 1 _aΓεωργίου Γεώργιος Α
_92481
942 _cBK
999 _c1893
_d1893